Normal view
MARC view
Entry Personal Name
001 - CONTROL NUMBER
- control field: 2158
003 - CONTROL NUMBER IDENTIFIER
- control field: BD-RjUL
005 - DATE AND TIME OF LATEST TRANSACTION
- control field: 20220330155201.0
008 - FIXED-LENGTH DATA ELEMENTS
- fixed length control field: 220330|| aca||aabn | a|a d
040 ## - CATALOGING SOURCE
- Original cataloging agency: BD-RjUL
- Transcribing agency: BD-RjUL
100 ## - HEADING--PERSONAL NAME
- Personal name: Yeats, W. B.
- Fuller form of name: (William Butler),
- Dates associated with a name: 1865-1939
- General subdivision: Criticism and interpretation
670 ## - SOURCE DATA FOUND
- Source citation: Work cat.: (BD-RjUL)79640: Ure, Peter. 2157, Yeats the playwright :, 1963.